000 00264nam a2200097Ia 4500
001 650171
005 20250826154354.0
008 250824s9999 xx 000 0 und d
245 0 _aBABÜRNAME DEN SEÇMELER ANTİK
_cBABÜR ŞAH
260 _bANTİK DÜNYA KLASİKLERİ
999 _c650171
_d650171